000 00856nam a22001577a 4500
003 OSt
005 20151105110034.0
008 151105b xxu||||| |||| 00| 0 eng d
040 _cRUA
082 _aFOR CHH 1997 B124 Or.1
100 _93386
_aCHHUM, SAMNANG.
245 _acontribution to the establishment of mathematical model of stand volume table for commercial trees species in koh kong province, the coastal forest zone (វិភាគទាននៃការកសាងគំរូគណិតតារាងមាឌឈើឈរសំរាប់ប្រភេទឈើពាណិជ្ជកម្មក្នុងសារព័ន្ធព្រៃខេត្តកោះកុង ភូមិភាគព្រៃឈើឈូងសមុទ្រ)
260 _aPhnom Penh
_bRUA
_c1997
300 _a125p.
_bill.
_c29cm.
942 _2ddc
_cFOR
999 _c3159
_d3159